[Event "WYCC U16 Open 2013"]
[Site "Al-Ain UAE"]
[Date "2013.12.27"]
[Round "10.65"]
[White "Abbas, Hussein kzar"]
[Black "Balaji, Ananthanarayanan"]
[Result "1-0"]
[WhiteElo "1754"]
[BlackElo "1973"]
[WhiteFideId "4804937"]
[BlackFideId "421197"]
[EventDate "2013.12.18"]

1. d4 Nf6 2. c4 g6 3. Nc3 d5 4. cxd5 Nxd5 5. e4 Nxc3 6. bxc3 Bg7 7. Nf3 O-O 8.
Be2 c5 9. Be3 Nc6 10. O-O Bg4 11. d5 Na5 12. Rc1 b6 13. h3 Bxf3 14. Bxf3 Nc4 15.
Bg5 b5 16. Qc2 Qd6 17. Be2 f5 18. Bxc4 bxc4 19. Rfe1 fxe4 20. Qxe4 Rf5 21. Bxe7
Qxd5 22. Bh4 Raf8 23. Qxd5+ Rxd5 24. Re4 Bh6 25. Rb1 Bf4 26. Rxc4 Be5 27. Bg3
Bxg3 28. fxg3 Re8 29. Ra4 Re7 30. Rf4 Rd3 31. Rf3 Rd2 32. Rf2 Rd3 33. Rf3 Rd5
34. Rff1 Red7 35. g4 a5 36. Rbe1 Rd2 37. Rf2 R2d3 38. Rc2 a4 39. Re5 R3d5 40.
Re8+ Kg7 41. Ra8 h5 42. gxh5 gxh5 43. Rxa4 Rd1+ 44. Kh2 Re7 45. Rb2 Kh6 46. Rc4
Re5 47. a4 Kg5 48. Rb5 Rdd5 49. a5 Kg6 50. a6 Rd6 51. a7 1-0

[Event "WYCC U16 Open 2013"]
[Site "Al-Ain UAE"]
[Date "2013.12.27"]
[Round "10.66"]
[White "Lopatik, Nikita"]
[Black "Rodgers, Philippe"]
[Result "1-0"]
[WhiteElo "1956"]
[BlackElo "1735"]
[WhiteFideId "13504150"]
[BlackFideId "1801473"]
[EventDate "2013.12.18"]

1. e4 c6 2. d4 d5 3. e5 Bf5 4. Nd2 e6 5. Nb3 Nd7 6. Nf3 Qc7 7. Be2 c5 8. dxc5
Nxe5 9. Nxe5 Qxe5 10. O-O a6 11. g4 Be4 12. f3 Bg6 13. f4 Qc7 14. f5 Bxc5+ 15.
Nxc5 Qxc5+ 16. Kh1 Nf6 17. fxg6 hxg6 18. Bf3 Qd6 19. Qe2 O-O-O 20. c4 d4 21. Bf4
d3 22. Qg2 Qb4 23. b3 Rd7 24. a3 Qc3 25. Bxb7+ Kd8 26. Qc6 Rh3 27. Bd6 Ke8 28.
Qc8+ Rd8 29. Bc6+ Nd7 30. Bxd7# 1-0

[Event "WYCC U16 Open 2013"]
[Site "Al-Ain UAE"]
[Date "2013.12.27"]
[Round "10.67"]
[White "Choi, Ian"]
[Black "Darling, Simeon C."]
[Result "1/2-1/2"]
[BlackTitle "CM"]
[WhiteElo "1655"]
[BlackElo "1928"]
[WhiteFideId "13201379"]
[BlackFideId "14305356"]
[EventDate "2013.12.18"]

1. d4 Nf6 2. c4 e6 3. Nc3 Bb4 4. e3 b6 5. Ne2 Ne4 6. Bd2 Nxd2 7. Qxd2 Bb7 8. a3
Be7 9. Nf4 d6 10. f3 Nd7 11. b4 Bh4+ 12. Kd1 a5 13. b5 O-O 14. Bd3 Bg5 15. Nh3
f5 16. Kc2 Bf6 17. Nf4 Qe7 18. Rae1 Bg5 19. d5 Bxf4 20. exf4 e5 21. Re2 Qf6 22.
Rhe1 Rae8 23. Nd1 Re7 24. Qc3 Rfe8 25. fxe5 dxe5 26. Kb1 Nc5 27. Nf2 Bc8 28. Bc2
Qd6 29. Nd3 Nxd3 30. Qxd3 Bd7 31. g4 e4 32. fxe4 fxe4 33. Rxe4 Rxe4 34. Rxe4
Rxe4 35. Qxe4 Qxh2 36. Kb2 g6 37. Qd4 Qd6 38. Qe4 Qf6+ 39. Kb3 Kg7 40. Bd1 Kg8
41. Be2 Qd6 42. Qe3 Kg7 43. Qd4+ Kg8 44. Qe3 Kf7 45. Qh3 Kg7 46. Qe3 h6 47. Qd4+
Kh7 48. Qe3 Kg7 49. Qd4+ Kh7 50. Qe3 Kg7 51. Qd4+ Kg8 52. Qe3 Kh7 53. Qf2 Qe7
54. Bf3 Be8 55. Qe2 Qd7 56. Kb2 Bf7 57. Kb3 Qd6 58. Qd3 Qe7 59. Qe2 Qc5 60. Qd3 1/2-1/2

[Event "WYCC U16 Open 2013"]
[Site "Al-Ain UAE"]
[Date "2013.12.27"]
[Round "10.68"]
[White "Ouaret, Abdelouhab"]
[Black "Casanovas Cantarero, Eric"]
[Result "1-0"]
[WhiteTitle "FM"]
[WhiteElo "1868"]
[BlackElo "1705"]
[WhiteFideId "7903944"]
[BlackFideId "6900445"]
[EventDate "2013.12.18"]

1. Nf3 d5 2. g3 c6 3. Bg2 Nf6 4. O-O Bg4 5. d4 e6 6. Nbd2 Nbd7 7. c4 Bd6 8. Re1
O-O 9. Qb3 Qa5 10. c5 Be7 11. h3 Bxf3 12. Nxf3 b6 13. Bd2 Qa6 14. cxb6 axb6 15.
Ne5 Nxe5 16. dxe5 Nd7 17. e4 dxe4 18. Bxe4 Nc5 19. Qc2 Nxe4 20. Qxe4 Rfd8 21.
Bc3 Rd5 22. a3 Rad8 23. Qg4 Qd3 24. Re3 Qb5 25. Rae1 Bc5 26. Re4 Qb3 27. Kg2
Bxa3 28. R1e3 Bc5 29. Rf3 Qc2 30. Ref4 R5d7 31. Rc4 Qg6 32. Qxg6 hxg6 33. b4 Bd4
34. Rxc6 b5 35. Bxd4 Rxd4 36. Rb3 Rb8 37. Rc5 Kf8 38. Kf3 Ke7 39. Ke3 Rd1 40.
Rd3 Rb1 41. Rd4 Rb7 42. Rc8 Rb3+ 43. Ke2 Rb2+ 44. Kf1 Rd7 45. Re4 Rd3 46. Rc7+
Rd7 47. Rc5 Rd5 48. Rc7+ Rd7 49. Rc6 Rd5 50. h4 Kd7 51. Ra6 Ke7 52. Kg2 Rdd2 53.
Rf4 Rd7 54. Rb6 f6 55. Rxb5 Re2 56. exf6+ gxf6 57. Rf3 Rb2 58. Rb6 f5 59. Re3
Rd6 60. Rb7+ Kf6 61. b5 Rdd2 62. Rf3 Rd5 63. g4 Rbxb5 64. g5+ Ke5 65. Re3+ Kd6
66. Rg7 Rb4 67. Rxg6 Rxh4 68. Rgxe6+ Kd7 69. g6 f4 70. Re7+ Kd8 71. Re8+ Kd7 72.
R3e7+ Kd6 73. Ra7 Rg5+ 74. Kf3 Rhg4 75. Rg8 Ke6 76. g7 Kf6 77. Rf8+ Ke6 78. Rxf4
Rxg7 79. Ra6+ 1-0

[Event "WYCC U16 Open 2013"]
[Site "Al-Ain UAE"]
[Date "2013.12.27"]
[Round "10.70"]
[White "Hamawi, Karim"]
[Black "Ahmed, Fareed"]
[Result "0-1"]
[WhiteElo "1640"]
[BlackElo "1766"]
[WhiteFideId "5303621"]
[BlackFideId "9303677"]
[EventDate "2013.12.18"]

1. e4 e6 2. d4 d5 3. exd5 exd5 4. Bd3 Nc6 5. c3 Bd6 6. Nf3 Bg4 7. O-O Nge7 8.
Re1 f6 9. Nbd2 Qd7 10. Qc2 O-O-O 11. b4 g5 12. b5 Nb8 13. a4 Bf5 14. Nb3 Bxd3
15. Qxd3 Qf5 16. Qd1 Ng6 17. Ba3 Bxa3 18. Rxa3 Rhe8 19. Nc5 Nf4 20. Nd2 b6 21.
Ncb3 Qg6 22. a5 Rxe1+ 23. Qxe1 Re8 24. Qa1 Nd3 25. Nf1 Re1 26. Qa2 Qe8 27. axb6
Rxf1+ 0-1

[Event "WYCC U16 Open 2013"]
[Site "Al-Ain UAE"]
[Date "2013.12.27"]
[Round "10.78"]
[White "Emad, Majdlawy"]
[Black "Samuel, Ngieng Chew Sheng"]
[Result "0-1"]
[WhiteElo "1470"]
[BlackElo "1580"]
[WhiteFideId "8106070"]
[BlackFideId "5713978"]
[EventDate "2013.12.18"]

1. e4 e6 2. Nf3 d5 3. exd5 exd5 4. d4 Bd6 5. Bd3 Ne7 6. O-O O-O 7. Bg5 f6 8. Bh4
c6 9. Nbd2 Bf5 10. Nb3 Qc8 11. Bg3 Bxg3 12. hxg3 Bxd3 13. Qxd3 Qf5 14. Qe2 Ng6
15. c4 Nd7 16. cxd5 Qxd5 17. Rfe1 Kf7 18. Nfd2 Rfe8 19. Qc4 Nb6 20. Qb4 Rab8 21.
Nc5 Rxe1+ 22. Rxe1 Qxa2 23. Re6 Nd5 24. Qa3 Qxa3 25. bxa3 b6 26. Na6 Kxe6 27.
Nxb8 Nge7 28. Kf1 Nc3 29. g4 Nb5 30. f4 Nxa3 31. Ke2 Nb5 32. Ke3 Kd5 33. Nf3 Kd6
34. g5 a5 35. gxf6 gxf6 36. Ke4 Kc7 37. Nxc6 Kxc6 38. g4 h6 39. Nh4 a4 40. Nf5
Nd6+ 41. Kf3 Nexf5 42. gxf5 a3 0-1

[Event "WYCC U16 Open 2013"]
[Site "Al-Ain UAE"]
[Date "2013.12.28"]
[Round "11.1"]
[White "Girish, A. Koushik"]
[Black "Alekseenko, Kirill"]
[Result "1-0"]
[WhiteTitle "FM"]
[BlackTitle "FM"]
[WhiteElo "2413"]
[BlackElo "2445"]
[WhiteFideId "5038448"]
[BlackFideId "4135539"]
[EventDate "2013.12.18"]

1. Nf3 Nf6 2. c4 e6 3. b3 b6 4. Bb2 Bb7 5. e3 Be7 6. d4 O-O 7. Nbd2 d6 8. Bd3 c5
9. O-O cxd4 10. exd4 Nbd7 11. Qe2 Rc8 12. Rad1 Rc7 13. Ng5 h6 14. Nh3 Re8 15. f4
Bf8 16. Nf3 Qa8 17. Rde1 a6 18. a4 Bc6 19. Ne5 dxe5 20. fxe5 Bb4 21. exf6 Nxf6
22. Rxf6 gxf6 23. Rf1 f5 24. Qe5 Qd8 25. Qg3+ Kh7 26. d5 Rg8 27. Qe5 Bd7 28. Nf4
Bc8 29. Nh5 Rg6 30. Kh1 Bd6 31. Qc3 e5 32. Bxf5 Bxf5 33. Rxf5 Qh4 34. Qe3 Qe7
35. Qe4 Kg8 36. Bxe5 Rc8 37. Qf4 Re8 38. Bxd6 Qe1+ 39. Qf1 Qxf1+ 40. Rxf1 Rxd6
41. Ng3 Kf8 42. Kg1 Re5 43. Rf3 h5 44. Kf2 a5 45. Ne2 Rg6 46. Nd4 Re4 47. Nc2
Ke8 48. Ne3 h4 49. Ke2 Rxg2+ 50. Kd3 Rxe3+ 51. Rxe3+ Kd7 52. Re2 h3 53. Ke3 Rg1
54. Kf2 Rg2+ 55. Kf1 Rg4 56. Re3 Rh4 57. Rf3 Kd6 58. Rxf7 Kc5 59. Kf2 Rg4 60.
Kf1 Kb4 61. Rf3 1-0

[Event "WYCC U16 Open 2013"]
[Site "Al-Ain UAE"]
[Date "2013.12.28"]
[Round "11.2"]
[White "Karthikeyan, Murali"]
[Black "Dastan, Muhammed Batuhan"]
[Result "1-0"]
[WhiteTitle "IM"]
[BlackTitle "IM"]
[WhiteElo "2431"]
[BlackElo "2409"]
[WhiteFideId "5074452"]
[BlackFideId "6300014"]
[EventDate "2013.12.18"]

1. e4 c5 2. Nf3 d6 3. Bb5+ Nc6 4. O-O Bd7 5. Re1 Nf6 6. h3 e6 7. d4 cxd4 8. Nxd4
Be7 9. c4 a6 10. Bxc6 bxc6 11. Nc3 e5 12. Nf5 Bxf5 13. exf5 O-O 14. Bg5 Qd7 15.
Qf3 h6 16. Bxf6 Bxf6 17. Rad1 Rfd8 18. Rd3 Rac8 19. Red1 Qb7 20. b3 Qb4 21. Ne4
Qa3 22. Qh5 Kf8 23. Nxd6 Rc7 24. Ne4 Rxd3 25. Rxd3 Qxa2 26. Nxf6 gxf6 27. Qxh6+
Ke7 28. Qe3 Rd7 29. Rxd7+ Kxd7 30. g4 a5 31. Kg2 Ke8 32. Qb6 Kf8 33. Qd8+ Kg7
34. g5 Qxb3 35. gxf6+ Kh6 36. Qf8+ Kg5 37. Qxf7 Kxf5 38. Qg7 Qxc4 39. f7 Qe4+
40. Kh2 1-0

[Event "WYCC U16 Open 2013"]
[Site "Al-Ain UAE"]
[Date "2013.12.28"]
[Round "11.3"]
[White "Akhmetov, Ayan"]
[Black "Wang, Yiye"]
[Result "1/2-1/2"]
[WhiteElo "2382"]
[BlackElo "2408"]
[WhiteFideId "13703706"]
[BlackFideId "8606021"]
[EventDate "2013.12.18"]

1. e4 e6 2. d4 d5 3. Nc3 Bb4 4. e5 c5 5. Qg4 Ne7 6. dxc5 Nbc6 7. Bd2 O-O 8.
O-O-O f5 9. exf6 Rxf6 10. Bd3 Qf8 11. Nf3 e5 12. Qh4 Bf5 13. Nxe5 Bxc5 14. Nxc6
bxc6 15. Ba6 Bc8 16. Bxc8 Bxf2 17. Qh3 Qxc8 18. Qxc8+ Rxc8 19. Bg5 Re6 20. Rhf1
Rf8 21. Rd2 Bb6 22. Rxf8+ Kxf8 23. Re2 Rxe2 24. Nxe2 Nf5 1/2-1/2

[Event "WYCC U16 Open 2013"]
[Site "Al-Ain UAE"]
[Date "2013.12.28"]
[Round "11.4"]
[White "Duda, Jan-Krzysztof"]
[Black "Azarya, Jodi Setyaki"]
[Result "1-0"]
[WhiteTitle "GM"]
[BlackTitle "CM"]
[WhiteElo "2557"]
[BlackElo "2112"]
[WhiteFideId "1170546"]
[BlackFideId "7101589"]
[EventDate "2013.12.18"]

1. e4 c5 2. Nf3 Nc6 3. d4 cxd4 4. Nxd4 g6 5. c4 Nf6 6. Nc3 Nxd4 7. Qxd4 d6 8.
Bg5 Bg7 9. Qd2 O-O 10. Be2 a5 11. O-O a4 12. Rac1 Be6 13. f3 Qa5 14. Rc2 Rfc8
15. b3 axb3 16. axb3 Qb6+ 17. Be3 Qb4 18. Rb1 Nd7 19. Kf1 f5 20. exf5 Bxf5 21.
Bd3 Bxd3+ 22. Qxd3 Ne5 23. Qd5+ Kh8 24. Bd4 Rf8 25. Qe6 Rf6 26. Qxe7 Nc6 27. Nd5
Qa3 28. Qxg7+ Kxg7 29. Bxf6+ Kf7 30. Bc3 Qc5 31. Rd2 Re8 32. Nf6 Re6 33. Ne4 Qe3
34. Re1 Qf4 35. g3 Qf5 36. Kg2 Ne5 37. f4 Nxc4 38. Ng5+ 1-0

[Event "WYCC U16 Open 2013"]
[Site "Al-Ain UAE"]
[Date "2013.12.28"]
[Round "11.5"]
[White "Paravyan, David"]
[Black "Tran, Tuan Minh"]
[Result "0-1"]
[WhiteTitle "IM"]
[BlackTitle "FM"]
[WhiteElo "2441"]
[BlackElo "2330"]
[WhiteFideId "4194985"]
[BlackFideId "12401820"]
[EventDate "2013.12.18"]

1. d4 Nf6 2. c4 e6 3. Nc3 Bb4 4. g3 O-O 5. Bg2 Nc6 6. Nf3 d6 7. O-O Bxc3 8. bxc3
Na5 9. Nd2 c5 10. e4 e5 11. d5 b6 12. f4 Ba6 13. f5 Nxc4 14. Nxc4 Bxc4 15. Rf2
h6 16. h4 b5 17. g4 Nh7 18. g5 hxg5 19. hxg5 Nxg5 20. f6 gxf6 21. Rf5 Kg7 22.
Qg4 Rh8 23. Bf1 Rh6 24. Bxc4 bxc4 25. Rb1 Rg6 26. Bxg5 Rxg5 27. Rxg5+ fxg5 28.
Kg2 Qe7 29. Rf1 Rh8 30. Rf5 Kg6 31. Rf2 Rh4 32. Qc8 Kg7 33. Rb2 Rh8 34. Qb7 Qf6
35. Qd7 Qf4 0-1

[Event "WYCC U16 Open 2013"]
[Site "Al-Ain UAE"]
[Date "2013.12.28"]
[Round "11.6"]
[White "Brown, Michael William"]
[Black "Sanal, Vahap"]
[Result "0-1"]
[BlackTitle "IM"]
[WhiteElo "2272"]
[BlackElo "2397"]
[WhiteFideId "2037602"]
[BlackFideId "6300545"]
[EventDate "2013.12.18"]

1. d4 d6 2. Nf3 Nf6 3. c4 g6 4. Nc3 Bf5 5. Qb3 b6 6. Bf4 Bg7 7. e3 c5 8. Be2 O-O
9. O-O Nc6 10. Rfd1 cxd4 11. Nxd4 Bd7 12. Qa3 Rc8 13. Bg3 h5 14. Nxc6 Bxc6 15.
Rac1 Qd7 16. Bh4 Rfe8 17. b3 Qb7 18. Bf1 a6 19. Nd5 Nxd5 20. cxd5 Bb5 21. e4 Bh6
22. Rxc8 Qxc8 23. Bxb5 axb5 24. Qb2 Qg4 0-1

[Event "WYCC U16 Open 2013"]
[Site "Al-Ain UAE"]
[Date "2013.12.28"]
[Round "11.7"]
[White "Harutyunian, Tigran K."]
[Black "Salomon, Johan"]
[Result "1/2-1/2"]
[WhiteTitle "FM"]
[WhiteElo "2390"]
[BlackElo "2269"]
[WhiteFideId "13303635"]
[BlackFideId "1509500"]
[EventDate "2013.12.18"]

1. Nf3 Nf6 2. c4 e6 3. Nc3 d5 4. d4 dxc4 5. e3 a6 6. a4 c5 7. Bxc4 Nc6 8. O-O
Be7 9. Qe2 cxd4 10. Rd1 d3 11. Bxd3 Qc7 12. e4 Ng4 13. e5 Ngxe5 14. Bf4 Bd6 15.
Bxe5 Bxe5 16. Rac1 g6 17. b4 Bxc3 18. Rxc3 O-O 19. b5 axb5 20. axb5 Qa5 21. Qd2
Ne7 22. Rdc1 Kg7 23. Ne5 Nd5 24. Ng4 e5 25. Bf1 Bxg4 26. Qxd5 Qb6 27. Qxe5+ Kg8
28. Rc7 Ra2 29. Qf4 Be6 30. Qf3 Ra1 31. Rxb7 Qxb7 32. Rxa1 Qxf3 33. gxf3 Rb8 34.
Kg2 Kf8 35. Ra7 Ke8 36. Kg3 Bd7 37. Bc4 f6 38. h4 Rb6 39. Ra6 Rb8 40. Ra7 Rb6
41. Ra8+ Ke7 42. Rh8 Bxb5 43. Rxh7+ Kf8 44. Bd5 Be8 45. Rh8+ Ke7 46. Be4 Bf7 47.
Rc8 Rd6 48. Kf4 Rd8 49. Rc1 Rd4 50. Ke3 Rd8 51. f4 f5 52. Bd3 Rd6 53. h5 gxh5
54. Bxf5 Kf6 55. Be4 Rb6 56. f5 Rd6 57. Kf4 Rb6 58. Rc8 Ra6 59. Rf8 Kg7 60. Rc8
Kf6 61. Rb8 Rd6 62. Kg3 Ra6 63. f3 Rd6 64. Kh4 Ra6 65. Rb4 Rd6 66. f4 Ra6 67.
Rb5 Rd6 68. Bf3 Rd4 69. Bxh5 Bxh5 70. Kxh5 Rxf4 1/2-1/2

[Event "WYCC U16 Open 2013"]
[Site "Al-Ain UAE"]
[Date "2013.12.28"]
[Round "11.8"]
[White "Asgarizadeh, Ahmad"]
[Black "Bodek, Michael H"]
[Result "1/2-1/2"]
[BlackTitle "FM"]
[WhiteElo "2267"]
[BlackElo "2382"]
[WhiteFideId "12505684"]
[BlackFideId "2043858"]
[EventDate "2013.12.18"]

1. e4 c5 2. Nf3 d6 3. d4 cxd4 4. Nxd4 Nf6 5. Nc3 g6 6. Be3 Bg7 7. f3 Nc6 8. Qd2
O-O 9. O-O-O d5 10. exd5 Nxd5 11. Nxc6 bxc6 12. Bd4 Bxd4 13. Qxd4 Qb6 14. Na4
Qa5 15. b3 Qc7 16. Bc4 Rd8 17. g4 Be6 18. Nc5 Nf4 19. Nxe6 Nxe6 20. Qc3 Qf4+ 21.
Kb2 Nc7 22. Qa5 e6 23. Rxd8+ Rxd8 24. Qxa7 Rd2 25. Qa5 Rxh2 26. Rxh2 Qxh2 27.
Qc5 h5 28. gxh5 gxh5 29. Qg5+ Kf8 30. Qc5+ Kg8 31. Qg5+ Kf8 32. f4 h4 33. Qc5+
Kg8 34. Qg5+ Kf8 35. Qc5+ Kg8 36. Qg5+ 1/2-1/2

[Event "WYCC U16 Open 2013"]
[Site "Al-Ain UAE"]
[Date "2013.12.28"]
[Round "11.10"]
[White "Saiyn, Zhanat"]
[Black "Popov, Kirill"]
[Result "1-0"]
[WhiteTitle "FM"]
[WhiteElo "2360"]
[BlackElo "2158"]
[WhiteFideId "13703820"]
[BlackFideId "24157457"]
[EventDate "2013.12.18"]

1. d4 Nf6 2. c4 g6 3. Nc3 Bg7 4. e4 d6 5. f3 O-O 6. Nge2 e5 7. Bg5 c6 8. d5 h6
9. Be3 cxd5 10. cxd5 a6 11. Qd2 Nbd7 12. g4 h5 13. h3 b5 14. Bg5 Qa5 15. Nd1
Qxd2+ 16. Kxd2 hxg4 17. hxg4 Nc5 18. Bg2 Bd7 19. b4 Na4 20. Nec3 Nb6 21. Nb2
Rfc8 22. Be3 Rab8 23. Rhc1 Ne8 24. Bf1 f5 25. gxf5 gxf5 26. a4 fxe4 27. axb5
axb5 28. fxe4 Nf6 29. Ra6 Ng4 30. Bg5 Nf6 31. Bd3 Kf7 32. Be3 Nc4+ 33. Nxc4 bxc4
34. Bc2 Rh8 35. Rf1 Ke7 36. b5 Rh2+ 37. Kc1 Rh3 38. Bd2 Bh6 39. Bxh6 Rxh6 40.
Ra4 Rh3 41. Kb2 Ng4 42. Re1 Ne3 43. Re2 Rb7 44. Rb4 Nxc2 45. Rxc2 Rh8 46. Rg2
Kf6 47. Rf2+ Ke7 48. Rg2 Kf6 49. Kc2 Rhb8 50. Rb1 Bxb5 51. Rf1+ Ke7 52. Rg7+ Kd8
53. Nxb5 Rxg7 54. Rf8+ Kd7 55. Rxb8 Rg4 56. Rb7+ Kd8 1-0

[Event "WYCC U16 Open 2013"]
[Site "Al-Ain UAE"]
[Date "2013.12.28"]
[Round "11.11"]
[White "Reshef, Omer"]
[Black "Bluebaum, Matthias"]
[Result "0-1"]
[BlackTitle "IM"]
[WhiteElo "2253"]
[BlackElo "2529"]
[WhiteFideId "2804336"]
[BlackFideId "24651516"]
[EventDate "2013.12.18"]

1. e4 e6 2. d4 d5 3. Nd2 c5 4. exd5 Qxd5 5. Ngf3 cxd4 6. Bc4 Qd8 7. O-O Nc6 8.
Nb3 a6 9. Nbxd4 Nxd4 10. Nxd4 Qc7 11. Qe2 Bd6 12. Re1 Ne7 13. h3 O-O 14. c3 b5
15. Bb3 Bb7 16. Be3 Nd5 17. Rad1 b4 18. Bg5 Rfe8 19. c4 Nf4 20. Bxf4 Bxf4 21.
Bc2 Bg5 22. b3 Bf6 23. Be4 Bxe4 24. Qxe4 Rad8 25. Rd3 g6 26. Red1 Kg7 27. Nc2
Rxd3 28. Rxd3 Qa5 29. a4 Rd8 30. Ne3 Rxd3 31. Qxd3 Qc5 32. Ng4 Bd4 33. Ne3 Bf6
34. Nc2 Qe5 35. g3 a5 36. Kg2 Qb2 37. c5 Qe5 38. Qc4 Be7 39. c6 Bc5 40. Ne1 Qd6
41. Qb5 Qd4 42. Qe2 Bd6 43. Qc2 Bc7 44. h4 Kf8 45. Kf1 Ke7 46. Nf3 Qd5 47. Ng5
h6 48. Ne4 Qe5 49. Nc5 Bb6 50. Na6 Qc3 51. Qe4 f5 52. Qe2 Qxc6 53. Qd2 Qh1+ 54.
Ke2 Qe4+ 55. Kf1 f4 56. gxf4 Qh1+ 57. Ke2 Qxh4 58. Ke1 Qh1+ 59. Ke2 Qe4+ 60. Kf1
Qb1+ 61. Kg2 Qxb3 62. Qe2 Qd5+ 63. Kg3 Qd4 64. Nb8 Qxf2+ 65. Qxf2 Bxf2+ 66. Kxf2
b3 67. Nc6+ Kf6 68. Nxa5 b2 69. Nc4 b1=Q 0-1

[Event "WYCC U16 Open 2013"]
[Site "Al-Ain UAE"]
[Date "2013.12.28"]
[Round "11.12"]
[White "Vavulin, Maksim"]
[Black "Mousavi, Seyed Khalil"]
[Result "0-1"]
[BlackTitle "FM"]
[WhiteElo "2410"]
[BlackElo "2238"]
[WhiteFideId "4169530"]
[BlackFideId "12511099"]
[EventDate "2013.12.18"]

1. e4 e6 2. d4 d5 3. Nd2 a6 4. Ngf3 Nf6 5. exd5 Nxd5 6. Nb3 b6 7. Be2 Bb7 8. O-O
Bd6 9. Ne5 O-O 10. Bf3 Ra7 11. c4 Ne7 12. Bxb7 Rxb7 13. Qf3 Ra7 14. Bf4 Ng6 15.
Bg3 a5 16. Rad1 Bxe5 17. dxe5 Qe8 18. Nd4 c6 19. h4 h6 20. h5 Ne7 21. Bh4 Rd7
22. Qg4 Kh8 23. f4 c5 24. Nb5 Nf5 25. Rxd7 Qxd7 26. Rd1 Qc6 27. Re1 Na6 28. Bf2
Nb4 29. Qd1 Nxa2 30. g4 Nd4 31. Nxd4 cxd4 32. Qxd4 Qf3 33. Re3 Qxg4+ 34. Rg3
Qxh5 35. Qxb6 Nc1 36. Kf1 Ne2 37. Re3 Nxf4 38. Qc6 Rd8 39. Be1 Rd4 40. Kg1 Qg4+
41. Bg3 Rd1+ 42. Kf2 Nd3+ 43. Kg2 Rd2+ 44. Kg1 Qd1+ 45. Be1 Nxe1 46. Qa8+ Rd8 0-1

[Event "WYCC U16 Open 2013"]
[Site "Al-Ain UAE"]
[Date "2013.12.28"]
[Round "11.13"]
[White "Lamard, Guillaume"]
[Black "Lampert, Jonas"]
[Result "1/2-1/2"]
[WhiteTitle "FM"]
[WhiteElo "2288"]
[BlackElo "2378"]
[WhiteFideId "600261"]
[BlackFideId "1303759"]
[EventDate "2013.12.18"]

1. d4 Nf6 2. c4 e6 3. Nf3 d5 4. Nc3 c6 5. e3 Nbd7 6. Bd3 dxc4 7. Bxc4 b5 8. Bd3
a6 9. e4 c5 10. d5 Qc7 11. O-O Bb7 12. dxe6 fxe6 13. Bc2 Bd6 14. Ng5 Nf8 15. f4
h6 16. e5 O-O-O 17. exd6 Rxd6 18. Qe2 hxg5 19. a4 b4 20. Ne4 Nxe4 21. Bxe4 Bxe4
22. Qxe4 Kb8 23. Be3 Nd7 24. fxg5 Rd4 25. Bxd4 Qxh2+ 26. Kf2 Rh4 27. Qc6 Qf4+
28. Ke2 Qxd4 29. Rf8+ Nxf8 30. Qb6+ Kc8 31. Qc6+ Kb8 1/2-1/2

[Event "WYCC U16 Open 2013"]
[Site "Al-Ain UAE"]
[Date "2013.12.28"]
[Round "11.14"]
[White "Sardana, Rishi"]
[Black "Eggink, Ryszard"]
[Result "1-0"]
[WhiteElo "2373"]
[BlackElo "2165"]
[WhiteFideId "25004301"]
[BlackFideId "1125869"]
[EventDate "2013.12.18"]

1. e4 c5 2. Nf3 d6 3. d4 cxd4 4. Nxd4 Nf6 5. Nc3 a6 6. h3 e6 7. g4 d5 8. exd5
Nxd5 9. Nde2 Bb4 10. Bd2 Nc6 11. Bg2 Nde7 12. a3 Bd6 13. Ne4 Bc7 14. Bf4 e5 15.
Qxd8+ Nxd8 16. Bh2 h5 17. g5 Nf5 18. O-O Nh4 19. N2c3 Be6 20. Rad1 Nxg2 21. Kxg2
Ke7 22. Nd5+ Bxd5 23. Rxd5 Nc6 24. Rfd1 Rad8 25. c4 Rxd5 26. cxd5 Rd8 27. Nc5
Nd4 28. d6+ Kxd6 29. Nxb7+ Kd5 30. Nxd8 Bxd8 31. f4 Kc4 32. h4 e4 33. Bg1 Ne6
34. f5 Nf4+ 35. Kf1 Nd3 36. Ke2 Bc7 37. Bf2 Kb3 38. Bd4 g6 39. fxg6 fxg6 40. Rb1
Bf4 41. Rf1 Nc1+ 42. Kf2 Nd3+ 43. Ke2 Nc1+ 44. Kd1 Nd3 45. Bc3 a5 46. Bxa5 Nxb2+
47. Ke2 Nd3 48. Bd2 Bg3 49. Rf6 Bxh4 50. Rxg6 Bg3 51. Rb6+ Kc4 52. g6 Be5 53.
Re6 1-0

[Event "WYCC U16 Open 2013"]
[Site "Al-Ain UAE"]
[Date "2013.12.28"]
[Round "11.15"]
[White "Bora, Safal"]
[Black "Kourkoulos-Arditis, Stamatis"]
[Result "1/2-1/2"]
[WhiteElo "2176"]
[BlackElo "2297"]
[WhiteFideId "2066149"]
[BlackFideId "4221990"]
[EventDate "2013.12.18"]

1. Nf3 Nf6 2. g3 e6 3. Bg2 d5 4. O-O Nbd7 5. d4 b5 6. b3 Bb7 7. c4 dxc4 8. bxc4
bxc4 9. Qa4 Be7 10. Ne5 Bxg2 11. Kxg2 O-O 12. Nc6 Nb6 13. Qa5 Qd5+ 14. Qxd5
Nbxd5 15. Nxe7+ Nxe7 16. Ba3 Rfe8 17. Rc1 Ned5 18. Rxc4 Ne4 19. Rc6 Rab8 20. f3
Ne3+ 21. Kg1 Nd6 22. Nd2 Nb5 23. Bb2 a5 24. Kf2 Nd5 25. Nc4 Nb4 26. Rc5 Na6 27.
Rc6 Nb4 28. Rc5 a4 29. a3 Nd5 30. Rc1 Red8 31. Na5 Rd7 32. Nc6 Rb6 33. e4 Nf6
34. Ke3 Ne8 35. Ne5 Rd8 36. R1c4 f6 37. Nc6 Ra8 38. Rb4 Nbd6 39. Kd3 Raa6 40. d5
exd5 41. exd5 Nb7 42. Rc2 Ned6 43. Bd4 Rb5 44. Re2 Kf8 45. Re7 Rxb4 46. Nxb4
Kxe7 47. Nxa6 Nb5 48. Nc5 Na5 49. Nxa4 Kd6 50. Bc3 Nb7 51. Ke4 Nc5+ 52. Nxc5
Nxc3+ 53. Kd3 Nxd5 54. Ne4+ Kc6 55. Nc3 Ne7 56. Kc4 Nf5 57. Ne2 Ne3+ 58. Kd3 Nf1
59. Nd4+ Kd5 60. Nb5 Kc6 61. Nd4+ Kd5 1/2-1/2

[Event "WYCC U16 Open 2013"]
[Site "Al-Ain UAE"]
[Date "2013.12.28"]
[Round "11.21"]
[White "Sibashvili, Giorgi"]
[Black "Basso, Pier Luigi"]
[Result "1-0"]
[WhiteElo "2173"]
[BlackElo "2303"]
[WhiteFideId "13602799"]
[BlackFideId "866970"]
[EventDate "2013.12.18"]

1. d4 f5 2. Nc3 Nf6 3. Bg5 d5 4. Bxf6 exf6 5. e3 Be6 6. Bd3 Nc6 7. a3 Qd7 8.
Nge2 Bf7 9. Qd2 O-O-O 10. b4 Kb8 11. Na4 Ne5 12. Nc5 Nxd3+ 13. cxd3 Qe8 14. O-O
Bd6 15. a4 h5 16. b5 h4 17. a5 Bh5 18. b6 cxb6 19. axb6 axb6 20. Rfb1 Qc6 21.
Na4 b5 22. Rc1 Bxh2+ 23. Kh1 Qd6 24. Nc5 Be8 25. Qa5 Bc6 26. Qa7+ Kc7 27. Nxb7
Ra8 28. Nxd6+ Rxa7 29. Nxb5+ Kb6 30. Nxa7 1-0